000
00299nam a22001337a 4500
008
180918b xxu||||| |||| 00| 0 eng d
020
_a
9780534356866
041
_a
eng
080
_a
721
100
_a
44
101
_a
ART
245
_a
Culturally Competent Practice
_c
Lum.d
942
_2
udc
_c
BK
999
_c
47938
_d
47938